000 01930cam a22004454i 4500
003 PE-LiUPU
005 20250731175646.0
008 150616s r 000 0 d
020 _a0931464102
035 _a(Sirsi) i9780931464102
040 _aPE-LiUPU
_bspa
_cPE-LiUPU
_erda
049 _aPRUA
082 0 4 _a492.2
_bB39
_221
100 1 _aBergsträsser, Gotthelf,
_eautor.
245 1 0 _aIntroduction to the Semitic languages :
_btext specimens and grammatical sketches /
_cGotthelf Bergsträsser; traducido con notas y bibliografía y un anexo en los guiones de Peter T. Daniels.
264 1 _aWinona Lake, Indiana :
_bEisenbrauns,
_c1995.
300 _a276 páginas ;
_c23 centímetros
336 _atext
_2rdacontent
337 _aunmediated
_2rdamedia
338 _avolume
_2rdacarrier
505 0 _aAkkadian.- Hebrew.- Aramaic.- South arabic-etiopic.- North arabic.- Appendixes.
526 _aP145
526 _aP127
526 _aP97
526 _aP35
526 _aP14
526 _aP07
650 0 4 _aLenguas semíticas.
700 1 _aDaniels, Peter T.
910 _ajck
_bjvq
_cjck
942 _2ddc
_cBOOK
949 _a492.2 B39
_wDEWEY
_c1
_i44591
_lCCODEBUL1
_mBUL
_r0
_sY
_tBOOK
_u2015-6-16
_xTEOLOGIA
_zUNKNOWN
_0COMPRA
_o.STAFF. Colección General
949 _a492.2 B39
_wDEWEY
_c2
_i43211
_lCCODEBUL1
_mBUL
_r0
_sY
_tBOOK
_u2015-6-16
_xTEOLOGIA
_zUNKNOWN
_0COMPRA
_o.STAFF. Colección General
994 _aC0
_bPEPRU
596 _a1
999 _a492.2 B39
_wDEWEY
_c61172
_i44591
_f2021-11-5
_g5
_lCCODEBUL1
_mBUL
_r0
_sY
_tBOOK
_u2015-6-16
_xBIBLIOTECA
_zUNKNOWN
_0COMPRA
_o.STAFF. Colección General
_d61172
999 _a492.2 B39
_wDEWEY
_c2
_i43211
_d2019-8-8
_e2018-3-6
_f2021-11-5
_g5
_lCCODEBUL1
_mBUL
_n1
_q1
_r0
_sY
_tBOOK
_u2015-6-16
_xBIBLIOTECA
_zUNKNOWN
_0COMPRA
_o.STAFF. Colección General
980 _81
_gALBERTO SANCHEZ Responsable de Automatización